000 01053nam a22001817a 4500
008 121010t xxu||||| |||| 00| 0 eng d
020 _a013186615
050 _aHF5549.5.R3 A381
100 _aAguinis, Herman.
245 _aPerformance management. /
_cHerman Aguinis
260 _aNew Jersey:
_bPearson,
_c2007.
300 _axiv, 284 p.:
_bill.;
_c25cm.
505 _aContents: Strategic and general considerations: Performance management and reward systems in context -- Performance management process -- Performance management and stategic planning -- System implementation: Defining performance and choosing a measurement approach -- Measuring results and behaviors -- Gathering performance information -- Implementing a performance management system -- Employee development: Performance management and employee development -- Performance skills -- Reward systems and legal issues -- Managing team performance.
650 _aEmployees
_xRating of.
650 _aPerformance
_x Management.
650 _aPersoneels management.
942 _2lcc
_cBK
999 _c2420
_d9920